[Event "Bratto op 34th"]
[Site "Bratto"]
[Date "2014.08.29"]
[Round "8"]
[White "Ventura, Salvatore"]
[Black "Ricci, Marco"]
[Result "1/2-1/2"]
[WhiteElo "2059"]
[BlackElo "2061"]
[PlyCount "39"]
[EventDate "2014.08.22"]
[EventType "swiss"]
[EventRounds "9"]
[EventCountry "ITA"]
[SourceTitle "EXT 2016"]
[Source "ChessBase"]
[SourceDate "2015.10.08"]
[SourceVersion "1"]
[SourceVersionDate "2015.10.08"]
[SourceQuality "1"]

1. c4 e5 2. g3 Nf6 3. Bg2 d5 4. cxd5 Nxd5 5. Nc3 Nb6 6. Nf3 Nc6 7. 0-0 Be7 8. d3 0-0 9. a4 a5 10. Be3 Be6 11. Rc1 Nd5 12. Nxd5 Bxd5 13. Bc5 f6 14. Bxe7 Nxe7 15. Nd2 Bxg2 16. Kxg2 Qd5+ 17. Kg1 Rac8 18. Qb3 Qxb3 19. Nxb3 b6 20. Nd2 1/2-1/2

[Event "Milan Crespi op-A 34th"]
[Site "Milan"]
[Date "2013.12.02"]
[Round "3"]
[White "Calella, Sergio"]
[Black "Ricci, Marco"]
[Result "0-1"]
[WhiteElo "2029"]
[BlackElo "2068"]
[PlyCount "60"]
[EventDate "2013.11.30"]
[EventType "swiss"]
[EventRounds "9"]
[EventCountry "ITA"]
[SourceTitle "CBM 157 Extra"]
[Source "ChessBase"]
[SourceDate "2013.12.19"]
[SourceVersion "1"]
[SourceVersionDate "2013.12.19"]
[SourceQuality "1"]

1. e4 e5 2. Nf3 Nc6 3. d4 exd4 4. Bc4 Nf6 5. 0-0 Nxe4 6. Re1 d5 7. Bxd5 Qxd5 8. Nc3 Qa5 9. Nxe4 Be6 10. Neg5 0-0-0 11. Nxe6 fxe6 12. Rxe6 Bd6 13. Bg5 Rde8 14. Qe1 Qxe1+ 15. Raxe1 Kd7 16. Rxe8 Rxe8 17. Rxe8 Kxe8 18. Kf1 Kd7 19. Ke2 Ke6 20. Kd3 Kd5 21. c3 dxc3 22. Kxc3 Ne5 23. Nxe5 Bxe5+ 24. Kc2 Bxh2 25. g3 Ke4 26. Kd2 Kf3 27. Be3 a6 28. Bd4 g5 29. Ke1 h5 30. Bf6 Bg1 0-1

[Event "Milan Crespi op-A 34th"]
[Site "Milan"]
[Date "2013.12.01"]
[Round "2"]
[White "Ricci, Marco"]
[Black "Formento, Paolo"]
[Result "0-1"]
[WhiteElo "2068"]
[BlackElo "2175"]
[PlyCount "60"]
[EventDate "2013.11.30"]
[EventType "swiss"]
[EventRounds "9"]
[EventCountry "ITA"]
[SourceTitle "CBM 157 Extra"]
[Source "ChessBase"]
[SourceDate "2013.12.19"]
[SourceVersion "1"]
[SourceVersionDate "2013.12.19"]
[SourceQuality "1"]

1. e4 e6 2. d4 d5 3. Nd2 Be7 4. e5 c5 5. c3 Nc6 6. Ne2 cxd4 7. cxd4 f6 8. f4 fxe5 9. fxe5 Nh6 10. Nf3 Nf5 11. g3 0-0 12. Bg2 Bb4+ 13. Kf2 Qb6 14. a3 Ncxd4 15. Nexd4 Bc5 16. Be3 Qxb2+ 17. Qe2 Bxd4 18. Bxd4 Qxd4+ 19. Nxd4 Nxd4+ 20. Ke3 Nxe2 21. Kxe2 Rf5 22. Kd3 Rxe5 23. Rac1 b6 24. Rc7 Ba6+ 25. Kd4 Rg5 26. Re1 Rc8 27. Rxa7 Rc4+ 28. Ke3 Re5+ 29. Kd2 Rd4+ 30. Kc3 Rd3+ 0-1

[Event "Milan Crespi op-B 33rd"]
[Site "Milan"]
[Date "2012.12.01"]
[Round "1"]
[White "Vezzosi, Paolo"]
[Black "Ricci, Marco"]
[Result "1-0"]
[WhiteElo "2307"]
[BlackElo "2084"]
[PlyCount "71"]
[EventDate "2012.12.01"]
[EventType "swiss"]
[EventRounds "9"]
[EventCountry "ITA"]
[SourceTitle "EXT 2014"]
[Source "ChessBase"]
[SourceDate "2013.11.20"]
[SourceVersion "1"]
[SourceVersionDate "2013.11.20"]
[SourceQuality "1"]

1. Nf3 Nf6 2. c4 d6 3. d4 g6 4. Nc3 Bg7 5. e4 0-0 6. Be2 e5 7. Be3 Ng4 8. Bg5 f6 9. Bh4 Nc6 10. d5 Ne7 11. Nd2 Nh6 12. f3 g5 13. Bf2 Ng6 14. c5 Nf4 15. 0-0 Nf7 16. Nc4 a6 17. Rc1 Kh8 18. cxd6 Nxd6 19. Nxd6 cxd6 20. Re1 Rg8 21. Na4 b5 22. Nb6 Rb8 23. Nxc8 Rxc8 24. Bf1 Qd7 25. Re3 g4 26. Rxc8 Rxc8 27. fxg4 Bh6 28. Rc3 Kg7 29. g3 Ng6 30. Be2 Rxc3 31. bxc3 Qc7 32. Qb3 Bd2 33. c4 b4 34. c5 dxc5 35. Qc4 a5 36. Bxc5 1-0

[Event "Bratto op-B 32nd"]
[Site "Bratto"]
[Date "2012.08.24"]
[Round "7"]
[White "Cacciola, Alfredo"]
[Black "Ricci, Marco"]
[Result "0-1"]
[WhiteElo "2114"]
[BlackElo "2089"]
[PlyCount "84"]
[EventDate "2012.08.18"]
[EventType "swiss"]
[EventRounds "9"]
[EventCountry "ITA"]
[SourceTitle "EXT 2014"]
[Source "ChessBase"]
[SourceDate "2013.11.20"]
[SourceVersion "1"]
[SourceVersionDate "2013.11.20"]
[SourceQuality "1"]

1. e4 e6 2. d4 d5 3. Nd2 Nf6 4. e5 Nfd7 5. Bd3 c5 6. c3 Nc6 7. Ne2 cxd4 8. cxd4 f6 9. exf6 Nxf6 10. Nf3 Bd6 11. 0-0 Qc7 12. Bg5 0-0 13. Bh4 Nh5 14. Qc2 h6 15. Bg6 Nf4 16. Nxf4 Bxf4 17. Bg3 Qb6 18. Rad1 Bd7 19. Rfe1 Rac8 20. Bxf4 Rxf4 21. Qd2 Rcf8 22. Re3 R8f6 23. Bc2 Be8 24. Rxe6 Bh5 25. Rxf6 Rxf6 26. Bb3 Qd8 27. Qe3 Na5 28. Rc1 Bxf3 29. gxf3 Nxb3 30. axb3 Rxf3 31. Rc8 Qxc8 32. Qxf3 Qc1+ 33. Kg2 Qg5+ 34. Qg3 Qxg3+ 35. Kxg3 Kf7 36. Kg4 Kf6 37. h4 a5 38. h5 g6 39. Kh4 Kf5 40. hxg6 Kxg6 41. Kg4 h5+ 42. Kf4 Kf6 0-1

[Event "Bratto op-B 32nd"]
[Site "Bratto"]
[Date "2012.08.20"]
[Round "3"]
[White "Casadei, Mauro"]
[Black "Ricci, Marco"]
[Result "1/2-1/2"]
[WhiteElo "2165"]
[BlackElo "2089"]
[PlyCount "61"]
[EventDate "2012.08.18"]
[EventType "swiss"]
[EventRounds "9"]
[EventCountry "ITA"]
[SourceTitle "EXT 2014"]
[Source "ChessBase"]
[SourceDate "2013.11.20"]
[SourceVersion "1"]
[SourceVersionDate "2013.11.20"]
[SourceQuality "1"]

1. e4 e6 2. d4 d5 3. Nd2 Nf6 4. Bd3 c5 5. c3 cxd4 6. cxd4 dxe4 7. Nxe4 Nxe4 8. Bxe4 Bb4+ 9. Bd2 Bxd2+ 10. Qxd2 Nd7 11. Nf3 Nf6 12. Bc2 0-0 13. 0-0 b6 14. Ne5 Bb7 15. Rfd1 Qd5 16. f3 Rfd8 17. Bb3 Qd6 18. Nc4 Qe7 19. Ne3 Nd5 20. Ng4 Rac8 21. a3 h6 22. Rac1 Qg5 23. Qxg5 hxg5 24. Bxd5 Bxd5 25. Ne3 Bb3 26. Rxc8 Rxc8 27. Rd3 Bd5 28. Nxd5 Rc1+ 29. Kf2 Rc2+ 30. Ke3 exd5 31. Rd2 1/2-1/2

[Event "Bratto op 31st"]
[Site "Bratto"]
[Date "2011.08.24"]
[Round "5"]
[White "Notkevich, Benjamin Arvola"]
[Black "Ricci, Marco"]
[Result "0-1"]
[WhiteElo "2207"]
[BlackElo "2074"]
[PlyCount "28"]
[EventDate "2011.08.20"]
[EventType "swiss"]
[EventRounds "9"]
[EventCountry "ITA"]
[SourceTitle "EXT 2022"]
[Source "ChessBase"]
[SourceDate "2021.10.06"]
[SourceVersion "1"]
[SourceVersionDate "2021.10.06"]
[SourceQuality "1"]

1. e4 c6 2. c4 d5 3. exd5 cxd5 4. d4 Nf6 5. Nf3 Nc6 6. Nc3 Bf5 7. cxd5 Nxd5 8. Qb3 Ndb4 9. Bc4 e6 10. Bg5 f6 11. Bxe6 Bxe6 12. Qxe6+ Qe7 13. Qxe7+ Bxe7 14. Bf4 Nd3+ 0-1

[Event "Bratto op 31st"]
[Site "Bratto"]
[Date "2011.08.23"]
[Round "4"]
[White "Ricci, Marco"]
[Black "Cugini, Verter"]
[Result "1-0"]
[WhiteElo "2074"]
[BlackElo "2053"]
[PlyCount "125"]
[EventDate "2011.08.20"]
[EventType "swiss"]
[EventRounds "9"]
[EventCountry "ITA"]
[SourceTitle "EXT 2022"]
[Source "ChessBase"]
[SourceDate "2021.10.06"]
[SourceVersion "1"]
[SourceVersionDate "2021.10.06"]
[SourceQuality "1"]

1. e4 e6 2. d4 d5 3. Nd2 Nf6 4. e5 Ne4 5. Nxe4 dxe4 6. Be3 c5 7. dxc5 Nd7 8. Qg4 Nxc5 9. Bb5+ Nd7 10. Ne2 Qa5+ 11. Nc3 a6 12. Be2 Qxe5 13. Qxe4 Qxe4 14. Nxe4 f5 15. Ng5 Ne5 16. f4 Nf7 17. Bh5 g6 18. Nxf7 Kxf7 19. Bd4 Rg8 20. Bf3 Bd6 21. g3 Rb8 22. 0-0-0 b6 23. Bc3 Bc7 24. h4 h5 25. Rhe1 a5 26. a4 Re8 27. b3 Bb7 28. Bxb7 Rxb7 29. Be5 Bxe5 30. Rxe5 Rc8 31. Rd6 Re8 32. Rb5 Reb8 33. Re5 Re8 34. c4 Kf6 35. Rb5 Reb8 36. Re5 Re7 37. Kc2 Rbb7 38. Rb5 Kf7 39. Kc3 Rb8 40. Rbxb6 Rxb6 41. Rxb6 e5 42. fxe5 Rxe5 43. Rd6 Re1 44. Rd3 Ke6 45. c5 Rc1+ 46. Kd4 Rh1 47. Re3+ Kd7 48. Ke5 Kc6 49. Rc3 Rh3 50. Kf4 Rh1 51. Kg5 Rh3 52. Kf4 Rh1 53. Rf3 Kxc5 54. Kg5 Rh3 55. Kxg6 f4 56. Rxf4 Rxg3+ 57. Kxh5 Rxb3 58. Kg5 Rb4 59. h5 Rb1 60. h6 Rg1+ 61. Rg4 Rb1 62. h7 Rb8 63. Kh6 1-0

[Event "Bratto op 31st"]
[Site "Bratto"]
[Date "2011.08.22"]
[Round "3"]
[White "Iasman, Inna"]
[Black "Ricci, Marco"]
[Result "1/2-1/2"]
[WhiteElo "2014"]
[BlackElo "2074"]
[PlyCount "42"]
[EventDate "2011.08.20"]
[EventType "swiss"]
[EventRounds "9"]
[EventCountry "ITA"]
[SourceTitle "EXT 2022"]
[Source "ChessBase"]
[SourceDate "2021.10.06"]
[SourceVersion "1"]
[SourceVersionDate "2021.10.06"]
[SourceQuality "1"]

1. d4 Nf6 2. c4 g6 3. Nc3 Bg7 4. e4 d6 5. Be2 0-0 6. Nf3 e5 7. Be3 Ng4 8. Bg5 f6 9. Bh4 Nc6 10. d5 Ne7 11. Nd2 Nh6 12. f3 g5 13. Bf2 Ng6 14. g3 Bh3 15. c5 f5 16. Bf1 Bxf1 17. Rxf1 fxe4 18. fxe4 Qd7 19. cxd6 cxd6 20. Qe2 Ng4 21. Bg1 Rxf1+ 1/2-1/2

[Event "Milan Crespi op-A 31st"]
[Site "Milan"]
[Date "2010.12.06"]
[Round "3"]
[White "Ricci, Marco"]
[Black "Paleologu, Vladimir"]
[Result "0-1"]
[WhiteElo "2061"]
[BlackElo "2193"]
[PlyCount "88"]
[EventDate "2010.12.04"]
[EventType "swiss"]
[EventRounds "9"]
[EventCountry "ITA"]
[SourceTitle "CBM 139 Extra"]
[Source "ChessBase"]
[SourceDate "2011.01.05"]
[SourceVersion "1"]
[SourceVersionDate "2011.01.05"]
[SourceQuality "1"]

1. e4 d6 2. d4 Nf6 3. Nc3 Nbd7 4. f4 e5 5. Nf3 exd4 6. Nxd4 g6 7. Be2 Bg7 8. 0-0 0-0 9. Bf3 Re8 10. Re1 c6 11. Be3 Nb6 12. Bf2 Nc4 13. b3 Qa5 14. Qd3 Nb6 15. a3 Ng4 16. Bxg4 Bxg4 17. h3 Bd7 18. g4 c5 19. Nde2 Rac8 20. Reb1 Na8 21. b4 cxb4 22. axb4 Qc7 23. Bd4 Be6 24. Bxg7 Kxg7 25. Qd4+ Kg8 26. Rxa7 Qe7 27. Ng3 Rc4 28. Nd5 Bxd5 29. Qxd5 Rxc2 30. Rxb7 Nc7 31. Qd3 Ra2 32. Qc4 Qh4 33. Qxa2 Qxg3+ 34. Qg2 Qe3+ 35. Kh1 Ne6 36. Rf1 Rc8 37. Qf3 Qd2 38. Rf2 Rc1+ 39. Kg2 Qe1 40. Kg3 Rc3 41. Qxc3 Qxc3+ 42. Rf3 Qe1+ 43. Rf2 Nxf4 44. b5 g5 0-1

[Event "Milan Crespi op-A 30th"]
[Site "Milan"]
[Date "2009.12.10"]
[Round "7"]
[White "Bonazzi, Edoardo"]
[Black "Ricci, Marco"]
[Result "1/2-1/2"]
[WhiteElo "2193"]
[BlackElo "2081"]
[PlyCount "56"]
[EventDate "2009.12.05"]
[EventType "swiss"]
[EventRounds "9"]
[EventCountry "ITA"]
[SourceTitle "EXT 2012"]
[Source "ChessBase"]
[SourceDate "2011.11.24"]
[SourceVersion "1"]
[SourceVersionDate "2011.11.24"]
[SourceQuality "1"]

1. Nf3 Nf6 2. c4 g6 3. Nc3 Bg7 4. g3 d6 5. Bg2 e5 6. 0-0 Nc6 7. d3 0-0 8. Rb1 a5 9. a3 Re8 10. Bg5 h6 11. Bxf6 Qxf6 12. b4 axb4 13. axb4 Qd8 14. b5 Ne7 15. Qb3 c6 16. Nd2 Be6 17. Ra1 Qd7 18. Rfe1 d5 19. cxd5 cxd5 20. Na4 Qd6 21. Rab1 Rec8 22. Rec1 f5 23. e3 Rc7 24. Rxc7 Qxc7 25. Qb4 Bf8 26. Qc5 Qa5 27. Qd6 Bf7 28. Nb3 Qxa4 1/2-1/2

[Event "Milan Crespi op-A 30th"]
[Site "Milan"]
[Date "2009.12.05"]
[Round "1"]
[White "Stromboli, Ettore"]
[Black "Ricci, Marco"]
[Result "1-0"]
[WhiteElo "2260"]
[BlackElo "2081"]
[PlyCount "85"]
[EventDate "2009.12.05"]
[EventType "swiss"]
[EventRounds "9"]
[EventCountry "ITA"]
[SourceTitle "EXT 2012"]
[Source "ChessBase"]
[SourceDate "2011.11.24"]
[SourceVersion "1"]
[SourceVersionDate "2011.11.24"]
[SourceQuality "1"]

1. e4 e6 2. d4 d5 3. e5 c5 4. c3 Nc6 5. Be3 Qb6 6. Qd2 Bd7 7. Nf3 f6 8. Bd3 c4 9. Bc2 fxe5 10. Nxe5 Nxe5 11. dxe5 Bc5 12. Bxc5 Qxc5 13. 0-0 Ne7 14. b4 cxb3 15. axb3 Bb5 16. Re1 0-0 17. Na3 Be8 18. c4 dxc4 19. Nxc4 Bg6 20. Ra5 Qc7 21. Bxg6 Nxg6 22. Qd6 Qxd6 23. exd6 Kf7 24. h4 b6 25. Ra6 b5 26. Na3 Nxh4 27. Nxb5 Nf5 28. Nc7 Rfe8 29. d7 Red8 30. Nxa8 Rxa8 31. Rxa7 Rd8 32. Ra6 Rxd7 33. Raxe6 Rb7 34. R6e5 Nd4 35. R5e4 Nxb3 36. Rf4+ Kg6 37. Re6+ Kg5 38. g3 Rd7 39. Rb4 Nd4 40. Re4 Nf3+ 41. Kg2 Rf7 42. Re3 Nd2 43. Rd4 1-0

[Event "ITA-ch sf 69th"]
[Site "Arvier"]
[Date "2009.10.02"]
[Round "7"]
[White "Ricci, Marco"]
[Black "Pompilio, Gaetano"]
[Result "1-0"]
[WhiteElo "2128"]
[BlackElo "1927"]
[PlyCount "77"]
[EventDate "2009.09.26"]
[EventType "swiss"]
[EventRounds "9"]
[EventCountry "ITA"]
[SourceTitle "CBM 132 Extra"]
[Source "ChessBase"]
[SourceDate "2009.11.03"]
[SourceVersion "1"]
[SourceVersionDate "2009.11.03"]
[SourceQuality "1"]

1. e4 b6 2. d4 Bb7 3. Bd3 e6 4. Nf3 Nf6 5. Qe2 d5 6. e5 Ne4 7. 0-0 Be7 8. Nbd2 Nxd2 9. Nxd2 c5 10. Qg4 0-0 11. Nf3 Kh8 12. Qh5 g6 13. Qh6 Rg8 14. Ng5 Rg7 15. c3 Ba6 16. Bxa6 Nxa6 17. Be3 Qd7 18. Nf3 f5 19. exf6 Bxf6 20. Bg5 Rf7 21. Bxf6+ Rxf6 22. Qe3 Re8 23. Rae1 Kg8 24. Re2 cxd4 25. cxd4 Nb4 26. Ne5 Qd6 27. a3 Nc6 28. Rc1 Ne7 29. Qd3 Rff8 30. Rec2 Rc8 31. Qa6 Qb8 32. Nd7 Rxc2 33. Rxc2 Qf4 34. Nxf8 Qxd4 35. Qe2 Kxf8 36. Rc7 a5 37. g3 e5 38. Qf3+ Ke8 39. Qf6 1-0

[Event "Imperia op-A 51st"]
[Site "Imperia"]
[Date "2009.09.03"]
[Round "6"]
[White "Ricci, Marco"]
[Black "Dritsakos, Alessio"]
[Result "1-0"]
[WhiteElo "2128"]
[BlackElo "1920"]
[PlyCount "75"]
[EventDate "2009.08.30"]
[EventType "swiss"]
[EventRounds "9"]
[EventCountry "ITA"]
[SourceTitle "EXT 2011"]
[Source "ChessBase"]
[SourceDate "2010.11.26"]
[SourceVersion "1"]
[SourceVersionDate "2010.11.26"]
[SourceQuality "1"]

1. e4 e5 2. Nf3 Nc6 3. Bb5 a6 4. Bxc6 dxc6 5. 0-0 f6 6. d4 exd4 7. Nxd4 c5 8. Nb3 Qxd1 9. Rxd1 Be6 10. Bf4 c4 11. Nd4 0-0-0 12. Nc3 Bf7 13. Nf5 Re8 14. f3 Ne7 15. Nxe7+ Bxe7 16. Kf2 Rd8 17. Rxd8+ Rxd8 18. Rd1 Rxd1 19. Nxd1 Kd7 20. Ke3 Bc5+ 21. Kd2 Bd4 22. Be3 c5 23. c3 Bxe3+ 24. Kxe3 Kd6 25. h4 h6 26. Kf4 Ke6 27. Ke3 g5 28. hxg5 hxg5 29. g3 Bh5 30. Nf2 b5 31. Nh3 Kd6 32. g4 Be8 33. f4 Bd7 34. fxg5 Bxg4 35. Nf2 Be6 36. gxf6 Ke5 37. Ng4+ Kd6 38. Kf4 1-0

[Event "Imperia op-A 51st"]
[Site "Imperia"]
[Date "2009.09.02"]
[Round "5"]
[White "Cavatorta, Fosco"]
[Black "Ricci, Marco"]
[Result "1-0"]
[WhiteElo "1941"]
[BlackElo "2128"]
[PlyCount "83"]
[EventDate "2009.08.30"]
[EventType "swiss"]
[EventRounds "9"]
[EventCountry "ITA"]
[SourceTitle "EXT 2011"]
[Source "ChessBase"]
[SourceDate "2010.11.26"]
[SourceVersion "1"]
[SourceVersionDate "2010.11.26"]
[SourceQuality "1"]

1. d4 Nf6 2. Nf3 g6 3. Nc3 d5 4. Bf4 Nh5 5. Bg5 h6 6. Be3 Bg7 7. Qd2 b6 8. h3 Bb7 9. g4 Nf6 10. Rg1 Nbd7 11. Bf4 Ne4 12. Qe3 Nxc3 13. Qxc3 c5 14. e3 Rc8 15. Qb3 c4 16. Qa4 a6 17. c3 b5 18. Qc2 0-0 19. Bg2 Re8 20. Ne5 Nxe5 21. Bxe5 Bxe5 22. dxe5 e6 23. f4 Qh4+ 24. Qf2 Qxf2+ 25. Kxf2 Bc6 26. h4 Rb8 27. a3 Kg7 28. Bf3 g5 29. hxg5 hxg5 30. Rh1 gxf4 31. exf4 Rh8 32. Ke3 Rhd8 33. Kd4 Rbc8 34. Rh5 Be8 35. Rah1 a5 36. f5 exf5 37. gxf5 f6 38. Rh7+ Kf8 39. e6 Bc6 40. R1h6 Ke8 41. Rxf6 b4 42. Bh5# 1-0